| 000 | 01606nam a2200277 a 4500 | ||
|---|---|---|---|
| 001 | 77695 | ||
| 003 | BD-RjUL | ||
| 005 | 20211209083019.0 | ||
| 008 | 201228s2008 bg a|||| m||| 00| 0 ben d | ||
| 035 | _a(BD-RjUL)77921 | ||
| 040 |
_aBD-RjUL _bben /eng _cBD-RjUL _dBD-RjUL |
||
| 041 | _aben | ||
| 082 |
_a297.272 _bRAM 2008 _223 |
||
| 100 |
_aরহমান, মো. হামিদুর _9243001 |
||
| 245 | 1 | 0 |
_aমদিনা সনদ : _bপ্রসঙ্গ সমাজ ও রাষ্ট্র গঠন / _cমো. হাবিবুর রহমান _6সুপারভাইজার: মো. আজিজুল হক |
| 260 |
_aরাজশাহী : _bইসলামের ইতিহাস ও সংস্কৃতি বিভাগ, রাজশাহী বিশ্ববিদ্যালয়, _c২০০৮ |
||
| 300 |
_a[ix] , ২২৯ পাতা : _bচিএ ; _c২৯ সেমি. |
||
| 502 | _aথিসিস (এম . ফিল .) -- ইসলামের ইতিহাস ও সংস্কৃতি বিভাগ, রাজশাহী বিশ্ববিদ্যালয়, ২০০৮ | ||
| 504 | _aগ্রন্থপঞ্জি ; পাতা ২১৭-২২৯ | ||
| 650 |
_aইসলাম ও রাজনীতি _9243199 |
||
| 650 |
_aIslam and Politics _9243200 |
||
| 650 |
_aসাংবিধানিক আইন (ইসলামী আইন) _9243201 |
||
| 650 |
_aConstitutional law (Islamic law) _9243202 |
||
| 700 |
_aহক, মো. আজিজুল, সুপারভাইজার _9243004 |
||
| 942 |
_2ddc _cTHE |
||
| 999 |
_c77695 _d77695 |
||